000 00332nam a2200133Ia 4500
008 240624s9999 xx 000 0 und d
041 _aeng
082 _a519.536 SCH
100 _aSCHUMACKER RANDALL E
245 _aUSING R WITH MULTIVARIATE STATISTICS
260 _c2015
_aLos Angeles
_bSage
300 _a408 : p.
365 _c
_b38
999 _c26598
_d26598